Responses for Show #3841 - Monday, April 23, 2001

New theme music.

Contestants

[<< previous game]

Robin O'Brien, a project manager from New York City, New York

Janet Torpy, an anesthesiologist from Rockford, Illinois

Joe Collins, a stagehand from Lincolnwood, Illinois (whose 1-day cash winnings total $9,401)

[next game >>]

Jeopardy! Round responses

PRISON SENTENCES
CEREMONIES
ROCK "G"ROUPS
WHAT A DOG!
IN THE MIDDLE OF THE STATE
JEOPARDY! PLACE
    $100 18
Richard Nixon

Robin
    $100 6
Dental floss

Robin
    $100 1
Guns N' Roses

Robin
    $100 10
Bark

Janet
    $100 23
monTANa

Joe
    $100 16
Russia

Janet
    $200 19
Manuel Noriega

Robin
    $200 7
Maple

Janet
    $200 2
Grateful Dead

Joe
    $200 11
cocker spaniel

Janet
    $200 24
kenTUCKy

Robin
    $200 17
"The Cider House Rules"

Joe
    $300 20
(Robin: Who was Andy Kaufman?)

Lenny Bruce

JoeRobin
    $300 8
Closing ceremonies

Joe
    $300 3
Genesis

Janet
    $300 12
(Robin: What is a black lab?)

Chocolate lab

JoeRobin
    $300 25
(minute left...)

neBRAska

Triple Stumper
    $300 28
Labor Day

Triple Stumper
    $400 21
Leona Helmsley

Robin
    $400 9
Morris dance

Triple Stumper
    $400 4
The Go-Go's

Joe
    $400 13
(Robin: What is a Rottweiler?)

a Doberman pinscher

JoeRobin
    $400 26
virGINia

Robin
    $400 29
Macintosh

Joe
    $500 22
Ted Bundy

Janet
    $500 15
Bar Mitzvah

Janet
    $500 5
Garbage

Janet
    $500 14
Whippet

Janet
    $500 27
misSOURi

Janet
    $500 30
(Alex: And thus ends another episode of "Jeopardy! Place" - unfortunately, it will return!)

Soldier of Fortune

Joe

Scores at the first commercial break (after clue 15):

Joe Janet Robin
$1,600 $2,300 -$500

Scores at the end of the Jeopardy! Round:

Joe Janet Robin
$3,100 $3,400 $500

Double Jeopardy! Round responses

PRISONERS' SENTENCES
CINEMATIC TITLE PAIRS
JOG-RAPHY
CLOTHES-MINDED
HAIL TO THE CHIEF
BABY TALK
    $200 10
Adolf Hitler

Robin
    $200 4
David

Janet
    $200 1
Atlanta

Robin
    $200 3
(Robin: What is a bikini?)

a tankini

JoeRobin
    $200 18
John Quincy Adams

Joe
    $200 19
Bib

Janet
    $400 11
Dr. Martin Luther King Jr.

Robin
    $400 6
Boris

Joe
    $400 2
The reservoir

Janet
    $400 5
Doc/Dr. Martens

Joe
    $400 24
Ronald Reagan

Robin
    $400 20
(Janet: What is a butterfly?)

Crawl

JoeJanet
    $600 12
Oscar Wilde

Robin
    $600 7
Sinbad

Joe
    $600 15
Oakland

Robin
    $600 28
lamé

Joe
    $600 25
(Alex: We have about a minute to go.)

James Madison

Robin
    $600 21
Cradle

Joe
    $800 13
Rubin "Hurricane" Carter

Joe
    $800 8
The Falcon

Robin
    $800 16
Ohio

Robin
    $800 29
Giorgio Armani

Janet
    $1,000 26
(Robin: Who was Zachary Taylor?)

James Buchanan

Robin
    $1,300 22
(Joe: What is a coddler?)

Pacifier

Joe
    $1000 14
Gerry Adams

Robin
    $1000 9
Darby O'Gill

Joe
    $1000 17
"Heartbreak Hill"

Triple Stumper
    $1000 30
Tartan

Janet
    $1000 27
(Janet: Who was Franklin Delano Roosevelt?)

Woodrow Wilson

Janet
Triple Stumper
    $1000 23
Blanket

Robin

Scores at the end of the Double Jeopardy! Round:

Joe Janet Robin
$7,000 $4,600 $5,900

[wagering suggestions for these scores]

Final Jeopardy! Round responses

BASEBALL HALL OF FAMERS
(Alex: Joe, can't accept it--not enough.)
JanetWho is Ty Cobb
$100
RobinWho is Babe Ruth
$3,301
JoeWho is Samuel Lee Babe
$2,201
Babe Ruth

Final scores:

Joe Janet Robin
$4,799 $4,500 $9,201
2nd place: Princess Caribbean Cruise 3rd place: VocoPro Wanderer Karaoke System New champion: $9,201

Game dynamics:

Coryat scores:

Joe Janet Robin
$8,300 $4,600 $6,900
20 R,
1 W
(including 1 DD)
15 R
(including 1 DD),
2 W
18 R,
5 W
(including 1 DD)

Combined Coryat: $19,800

[game clues] [game scores] [suggest correction]

Game tape date: 2001-02-01
The J! Archive is created by fans, for fans. Scraping, republication, monetization, and malicious use prohibited; this site may use cookies and collect identifying information. See terms. The Jeopardy! game show and all elements thereof, including but not limited to copyright and trademark thereto, are the property of Jeopardy Productions, Inc. and are protected under law. This website is not affiliated with, sponsored by, or operated by Jeopardy Productions, Inc. Join the discussion at JBoard.tv.